00749nam a2200241 a 4500001001300000003000900013005001700022008004100039020002300080082001300103100001900116245006600135260004000201300001000241500003500251505003700286650001700323700001900340902000800359942000700367952011600374999001700490nice12345678IN_TiNIC20260116014934.0130506s1987 jeda grp 000 0 eng  a9780340407479c50000a201bWAL aWalker, Andrew aEnemy Territoryb The Christian Struggle for the Modern World aJeddahbHodder and Stoughton c1987 a288p  aincludes index and biblioraphy2 aReferences & Bibliography, Index aChristianity1 aWalker, Andrew bSRS cBK 001040708StackRoom-aHMIbHMId2013-05-06g500.00l0o201 WALp11002140r2013-05-06v500.00w2013-05-06yBK c17632d17632